|
|
|
|
| LEADER |
00000nam0a2200000 4500 |
| 001 |
123649 |
| 005 |
20231031130538.0 |
| 035 |
|
|
|a (RuTPU)RU\TPU\book\133834
|
| 090 |
|
|
|a 123649
|
| 100 |
|
|
|a 20071022d1970 k y0rusy50 ca
|
| 101 |
0 |
|
|a rus
|
| 102 |
|
|
|a RU
|
| 105 |
|
|
|a a z 101zy
|
| 200 |
1 |
|
|a Вопросы теории горения
|e [материалы докладов]
|e Труды Общемосковского семинара по теории горения
|f Академия наук СССР, Институт горючих ископаемых
|
| 210 |
|
|
|a Москва
|c Наука
|d 1970
|
| 215 |
|
|
|a 154 с.
|c ил.
|
| 320 |
|
|
|a Библиография в конце статей
|
| 610 |
1 |
|
|a горение
|
| 610 |
1 |
|
|a теория
|
| 610 |
1 |
|
|a сборники
|
| 675 |
|
|
|a 544.452(063)
|v 3
|
| 675 |
|
|
|a 662.61(063)
|v 3
|
| 712 |
0 |
2 |
|a Академия наук СССР
|b Институт горючих ископаемых
|2 stltpush
|3 (RuTPU)RU\TPU\col\10830
|
| 801 |
|
1 |
|a RU
|b 63413507
|c 20071022
|g PSBO
|
| 801 |
|
2 |
|a RU
|b 63413507
|c 20151002
|g PSBO
|
| 942 |
|
|
|c BK
|